| 000 | 00745naa a2200217 i 4500 | ||
|---|---|---|---|
| 001 | 4836 | ||
| 003 | ES-MaBCM | ||
| 005 | 20241016090912.0 | ||
| 008 | 890206s1988 esp 000 0 spa d | ||
| 021 | _axx | ||
| 035 | _a(OCoLC)1293673730 | ||
| 040 | _cES-MaBCM | ||
| 041 | 0 | _aspa | |
| 043 | _aesp | ||
| 245 | 0 | 3 | _aEl gasto público en la democracia |
| 520 | _aNº monográfico: hechos y tendencias, funciones y categorías del gasto público, el gasto público autonómico y local, y los problemas de presupuestación, ejecución y control del gasto público | ||
| 650 | 2 | 7 |
_aGasto público _958796 |
| 651 | 2 | 4 |
_aEspaña _9115342 |
| 773 | 0 |
_aEn: _tPapeles de economía española _dMadrid : 1988 _w200066 _gnº 37 ; p. 539 p. |
|
| 942 | _cAREV | ||
| 999 |
_c4836 _d4836 |
||